| 000 | 00534nam a2200205Ia 4500 | ||
|---|---|---|---|
| 005 | 20250326141511.0 | ||
| 008 | 250326s9999 xx 000 0 und d | ||
| 020 | _a0-13-500281-8 | ||
| 037 | _aTextbook | ||
| 040 |
_aFMSL _beng _cFMSL |
||
| 041 |
_aeng _2eng |
||
| 084 |
_aX:8 N1 _qFMSL |
||
| 100 | _aGould F J | ||
| 245 | 0 |
_aIntroductory management science _cGould F J |
|
| 250 | _a3 | ||
| 260 |
_aEnglewood _bEnglewood, Prentice-Hall _c1991 |
||
| 300 | _a848p | ||
| 942 |
_cTB _hX:8 N1 |
||
| 999 |
_c1290591 _d1290591 |
||